ბათუმის შოთა რუსთაველის სახელმწიფო უნივერსიტეტის ბიბლიოთეკა

Разработка и эксплуатация нефтяных месторождений. (ბიბ.ჩანაწერი № 37038)

000 -LEADER
fixed length control field 00657nam a2200217Ia 4500
001 - CONTROL NUMBER
control field 2992
003 - CONTROL NUMBER IDENTIFIER
control field GE_BSU
008 - FIXED-LENGTH DATA ELEMENTS--GENERAL INFORMATION
fixed length control field 181216s||||||||xx |||||||||||||| ||und||
020 ## - INTERNATIONAL STANDARD BOOK NUMBER
International Standard Book Number 5247015460
040 ## - CATALOGING SOURCE
Transcribing agency GE_BSU
080 ## - UNIVERSAL DECIMAL CLASSIFICATION NUMBER
Universal Decimal Classification number 622.276(075.8)
100 ## - MAIN ENTRY--PERSONAL NAME
Personal name Бойко,В.С.
245 ## - TITLE STATEMENT
Title Разработка и эксплуатация нефтяных месторождений.
245 ## - TITLE STATEMENT
Remainder of title Учеб. для вузов.
260 ## - PUBLICATION, DISTRIBUTION, ETC.
Place of publication, distribution, etc. М.
260 ## - PUBLICATION, DISTRIBUTION, ETC.
Name of publisher, distributor, etc. Недра.
260 ## - PUBLICATION, DISTRIBUTION, ETC.
Date of publication, distribution, etc. 1990.
300 ## - PHYSICAL DESCRIPTION
Extent 427стр.20см.с илл.
653 ## - INDEX TERM--UNCONTROLLED
Uncontrolled term Разработка и эксплуатация нефтяных месторождений.
942 ## - ADDED ENTRY ELEMENTS (KOHA)
Koha item type წიგნი
ეგზემპლარები
Withdrawn status Lost status Damaged status Not for loan Date acquired Barcode Date last seen Price effective from Koha item type
        2018-12-17 9404 2018-12-17 2018-12-17 წიგნი